|
|
|
|
| LEADER |
00000nam a22000007a 4500 |
| 005 |
20210512004627.0 |
| 007 |
cr|||| ||| |
| 008 |
210512s2015 co |||||s|||| 00||0 spa d |
| 020 |
|
|
|a 978-958-762-448-9
|
| 035 |
|
|
|a 33408
|
| 040 |
|
|
|a vLex
|
| 090 |
|
|
|c 11644
|d 11644
|
| 100 |
1 |
|
|a Garca̕ Fernǹdez, Mara̕ del Sol
|
| 245 |
1 |
0 |
|a Plan e informes de Marketing internacional
|h [Recurso electrn̤ico] /
|c Mara̕ del Sol Garca̕ Fernǹdez
|
| 256 |
|
|
|a Servicio en ln̕ea
|
| 260 |
|
|
|a Bogot:̀
|b Ediciones de la U,
|c 2015
|
| 300 |
|
|
|a 1 recurso electrn̤ico
|
| 500 |
|
|
|a Esta obra relaciona entre s ̕la informacin̤ proveniente del sistema de informacin̤ de marketing SIM y las variables que intervienen en el marketing obteniendo conclusiones para el plan de marketing internacional de la empresa. Elaborar un informe de base, briefing, de productos/marcas para el desarrollo de un plan de marketing internacional. Ebook ajustado al certificado de profesionalidad de Marketing y compraventa internacional.
|
| 506 |
1 |
|
|a Disponible solo en los productos indicados
|d vLex Global
|d vLex Global (Academic Edition, excluding Law Schools)
|d vLex Global (U.S. Academic Edition, Law Schools)
|d vLex Global (U.S. Academic Edition, excluding Law Schools)
|d vLex Global (Academic Edition, Law Schools)
|
| 650 |
0 |
4 |
|a Marketing
|z Colombia
|
| 740 |
0 |
|
|a vLex Libros (Servicio en ln̕ea)
|
| 856 |
4 |
0 |
|u https://vlex.com/source/plan-e-informes-de-marketing-internacional-33408
|z Acceso restringido
|
| 942 |
|
|
|c BOOK
|
| 999 |
0 |
|
|a Commerce
|